000 00780nam0a22002531 4500
001 rc\3519858
005 20250610013909.0
021 _aRU
_b[73-56469]
035 _a(NLR Aleph) 007622830
090 _a5938771
_c5938771
100 _a20130115d1973 |||y0rusy50 ca
101 0 _arus
102 _aRU
105 _aa z |||a|
200 1 _aВанька-Встанька
_e[Стихи
_eДля дошкольного возраста
_fИл.: Б. Калаушин
210 _aМосква]
_cМалыш
_d1973
215 _a[20] с.
_cил.
_d28
700 1 _aБурсов
_bИ.Т.
_f1927-
_gИван Терентьевич
702 1 _aКалаушин
_bБ.
_4440
801 0 _aRU
_bNLR
_gpsbo
801 1 _aRU
_bELAR
_2rusmarc
852 _aNLR
_j73-8/1117
942 _cBOOK
980 _aNB